000 00613nam a2200229Ia 4500
003 OSt
005 20221007081058.0
006 a|||||r|||| 00| 0
007 ta
008 221006b |||||||| |||| 00| 0 eng d
024 _a16,592
037 _cTextual
040 _aFLL
_cFLL
_beng
041 _2eng
_aeng
082 _aY1:45:60L, K9
100 _aTullio Benigno Di
_9696338
245 0 _aHorizons of clinical criminology
260 _aNew York
_bNew University USA
_c1969
300 _a231p
_ccm.
942 _hY1:45:60L, K9
_cTEXL
_2CC
999 _c1161921
_d1161921